000 nam a22 7a 4500
999 _c7645
_d7645
008 170923b xxu||||| |||| 00| 0 eng d
100 _94141
_aGupta.B.L.
245 _aMicro and Macro Economics
260 _aNew Delhi
_bAP
_c2009